Statistics for Tile Select - Letters

Click here to take the quiz!

General Stats

  • This quiz has been taken 7 times
  • The average score is 77 of 125

Answer Stats

QuestionTileSelect% Correct
are part of the Hawaiian alphabetAYes
100%
are part of the Hawaiian alphabetEYes
100%
are part of the Hawaiian alphabetHYes
100%
are part of the Hawaiian alphabetIYes
100%
are part of the Hawaiian alphabetKYes
100%
are part of the Hawaiian alphabetLYes
100%
are part of the Hawaiian alphabetOYes
100%
are part of the Hawaiian alphabetPYes
100%
generally speaking, represent a voiced sound in EnglishAYes
75%
are the last letter of any country's name (using official JetPunk names)AYes
75%
are one of the 10 most common starting letters for first names in the United StatesAYes
75%
are worth 4 or more points in ScrabbleANo
75%
are the last letter of any country's name (using official JetPunk names)BNo
75%
are part of the Hawaiian alphabetBNo
75%
are worth 4 or more points in ScrabbleBNo
75%
are one of the 10 most common starting letters for first names in the United StatesCYes
75%
are the last letter of any country's name (using official JetPunk names)CYes
75%
are part of the Hawaiian alphabetDNo
75%
are worth 4 or more points in ScrabbleDNo
75%
are the last letter of any country's name (using official JetPunk names)DYes
75%
are the last letter of any country's name (using official JetPunk names)EYes
75%
are worth 4 or more points in ScrabbleENo
75%
are one of the 10 most common starting letters for first names in the United StatesFNo
75%
are worth 4 or more points in ScrabbleFYes
75%
are the last letter of any country's name (using official JetPunk names)FNo
75%
are part of the Hawaiian alphabetFNo
75%
are one of the 10 most common starting letters for first names in the United StatesGNo
75%
are the last letter of any country's name (using official JetPunk names)HYes
75%
are worth 4 or more points in ScrabbleHYes
75%
are worth 4 or more points in ScrabbleINo
75%
are the last letter of any country's name (using official JetPunk names)IYes
75%
are part of the Hawaiian alphabetJNo
75%
are one of the 10 most common starting letters for first names in the United StatesJYes
75%
are worth 4 or more points in ScrabbleJYes
75%
are the last letter of any country's name (using official JetPunk names)JNo
75%
are worth 4 or more points in ScrabbleKYes
75%
are the last letter of any country's name (using official JetPunk names)KYes
75%
are worth 4 or more points in ScrabbleLNo
75%
are the last letter of any country's name (using official JetPunk names)LYes
75%
are the last letter of any country's name (using official JetPunk names)MYes
75%
are worth 4 or more points in ScrabbleMNo
75%
are one of the 10 most common starting letters for first names in the United StatesMYes
75%
are part of the Hawaiian alphabetNYes
75%
are one of the 10 most common starting letters for first names in the United StatesNNo
75%
are the last letter of any country's name (using official JetPunk names)NYes
75%
are worth 4 or more points in ScrabbleNNo
75%
are one of the 10 most common starting letters for first names in the United StatesONo
75%
are the last letter of any country's name (using official JetPunk names)OYes
75%
are worth 4 or more points in ScrabbleONo
75%
are worth 4 or more points in ScrabblePNo
75%
are one of the 10 most common starting letters for first names in the United StatesPNo
75%
are worth 4 or more points in ScrabbleRNo
75%
are the last letter of any country's name (using official JetPunk names)RYes
75%
are worth 4 or more points in ScrabbleSNo
75%
are the last letter of any country's name (using official JetPunk names)SYes
75%
are the last letter of any country's name (using official JetPunk names)TYes
75%
are worth 4 or more points in ScrabbleTNo
75%
are worth 4 or more points in ScrabbleUNo
75%
are part of the Hawaiian alphabetUYes
75%
are the last letter of any country's name (using official JetPunk names)UYes
75%
are one of the 10 most common starting letters for first names in the United StatesUNo
75%
are one of the 10 most common starting letters for first names in the United StatesVNo
75%
are the last letter of any country's name (using official JetPunk names)VNo
75%
are part of the Hawaiian alphabetWYes
75%
are one of the 10 most common starting letters for first names in the United StatesXNo
75%
are part of the Hawaiian alphabetXNo
75%
are the last letter of any country's name (using official JetPunk names)XNo
75%
are worth 4 or more points in ScrabbleXYes
75%
are one of the 10 most common starting letters for first names in the United StatesYNo
75%
are one of the 10 most common starting letters for first names in the United StatesZNo
75%
are part of the Hawaiian alphabetZNo
75%
are worth 4 or more points in ScrabbleZYes
75%
generally speaking, represent a voiced sound in EnglishBYes
50%
are one of the 10 most common starting letters for first names in the United StatesBYes
50%
are worth 4 or more points in ScrabbleCNo
50%
are part of the Hawaiian alphabetCNo
50%
generally speaking, represent a voiced sound in EnglishDYes
50%
are the last letter of any country's name (using official JetPunk names)GYes
50%
are part of the Hawaiian alphabetGNo
50%
are worth 4 or more points in ScrabbleGNo
50%
generally speaking, represent a voiced sound in EnglishHNo
50%
are one of the 10 most common starting letters for first names in the United StatesINo
50%
generally speaking, represent a voiced sound in EnglishKNo
50%
are part of the Hawaiian alphabetMYes
50%
are the last letter of any country's name (using official JetPunk names)PNo
50%
are part of the Hawaiian alphabetRNo
50%
are one of the 10 most common starting letters for first names in the United StatesRYes
50%
are one of the 10 most common starting letters for first names in the United StatesSYes
50%
are part of the Hawaiian alphabetSNo
50%
are part of the Hawaiian alphabetTNo
50%
generally speaking, represent a voiced sound in EnglishVYes
50%
are worth 4 or more points in ScrabbleVYes
50%
are part of the Hawaiian alphabetVNo
50%
generally speaking, represent a voiced sound in EnglishWYes
50%
are one of the 10 most common starting letters for first names in the United StatesWNo
50%
are the last letter of any country's name (using official JetPunk names)WNo
50%
generally speaking, represent a voiced sound in EnglishXNo
50%
are part of the Hawaiian alphabetYNo
50%
are worth 4 or more points in ScrabbleYYes
50%
are the last letter of any country's name (using official JetPunk names)YYes
50%
generally speaking, represent a voiced sound in EnglishZYes
50%
are the last letter of any country's name (using official JetPunk names)ZNo
50%
generally speaking, represent a voiced sound in EnglishCNo
25%
are one of the 10 most common starting letters for first names in the United StatesEYes
25%
generally speaking, represent a voiced sound in EnglishEYes
25%
generally speaking, represent a voiced sound in EnglishFNo
25%
generally speaking, represent a voiced sound in EnglishGYes
25%
are one of the 10 most common starting letters for first names in the United StatesHNo
25%
generally speaking, represent a voiced sound in EnglishIYes
25%
generally speaking, represent a voiced sound in EnglishJYes
25%
are one of the 10 most common starting letters for first names in the United StatesKYes
25%
generally speaking, represent a voiced sound in EnglishLYes
25%
are one of the 10 most common starting letters for first names in the United StatesLYes
25%
generally speaking, represent a voiced sound in EnglishMYes
25%
generally speaking, represent a voiced sound in EnglishNYes
25%
generally speaking, represent a voiced sound in EnglishOYes
25%
generally speaking, represent a voiced sound in EnglishPNo
25%
generally speaking, represent a voiced sound in EnglishRYes
25%
generally speaking, represent a voiced sound in EnglishSNo
25%
generally speaking, represent a voiced sound in EnglishTNo
25%
are one of the 10 most common starting letters for first names in the United StatesTNo
25%
generally speaking, represent a voiced sound in EnglishUYes
25%
are worth 4 or more points in ScrabbleWYes
25%
generally speaking, represent a voiced sound in EnglishYYes
25%
are one of the 10 most common starting letters for first names in the United StatesDYes
0%

Score Distribution

Percentile by Number Answered

Percent of People with Each Score

Your Score History

You have not taken this quiz